The toff and the deep blue sea
| Main Author: | |
|---|---|
| Format: | Book |
| Published: |
Bath :
Chivers Press ,
1990
|
| Subjects: |
MARC
| LEADER | 00000cam a2200000 7i4500 | ||
|---|---|---|---|
| 001 | 0000000697 | ||
| 002 | 000000793 | ||
| 005 | 20000330.0 | ||
| 020 | |a 0862207851 | ||
| 090 | 0 | 0 | |a F |b CRE |
| 100 | 1 | |a Creasey, John | |
| 245 | 1 | 4 | |a The toff and the deep blue sea |c John Creasey |
| 260 | |a Bath : |b Chivers Press , |c 1990 | ||
| 300 | |a 188p. ; |c 20cm. | ||
| 650 | 0 | 0 | |a Crime and detection fiction |
| 999 | |a 030543 |b BUKU |c PINJAMAN |e PERPUSTAKAAN KOMUNITI PETALING JAYA | ||
| 999 | |a 030544 |b BUKU |c PINJAMAN |e PERPUSTAKAAN KOMUNITI PETALING JAYA | ||